zpět

Detail výsledku týmu

Záložna ST, Pardubice

Datum a čas kvízu

32.5 Celkem bodů Celkový počet nahraných bodů na tomto kvízu bez doplňovacích otázek.
10. Pořadí na kvízu Konečné umístění týmu na tomto kvízu.

Zaznamenané odpovědi

# Otázka Odpověď Body Výsledky
1. Ministerstvo vnitra připustilo... Denisa Rohanová 1
2. Minulý týden bylo oznámeno obn... Moskvič 1
3. Jistá česká herečka má oficiál... Simona Stašová 1
4. V pondělí, po pěti dnech letu,... Orion 0
5. V jednom z pátečních zápasů pr... Walesu 1
6. V následujících pěti otázkách... bar, torr, atmosféra / pascal 1
7. Odvozená jednotka SI elektrick... farad 1
8. Na lidské tělo, jehož odpor je... 300 V 1
9. Přiřaďte tyto jednotky k přísl... 1D 2A 3B 4C 0
10. Bušl je stará objemová a hmotn... A 1